000 00708nam a2200289Ia 4500
005 20260324135858.0
008 008 260324s9999 xx 000 0 eng d
020 _a9780203135341
037 _aEBOOK
040 _aCRL
040 _beng
040 _cCRL
041 _2eng
041 _aeng
084 _qCRL
100 _aMonica Lanyado; Ann Horne
_91176439
245 4 _aThe Handbook of Child and Adolescent Psychotherapy
245 0 _bPsychoanalytic Approaches
260 _bTaylor and Francis
260 _c1999
365 _a
365 _b58.95
856 _uhttp://www.taylorfrancis.com/books/9780203135341
942 _cEBOOK
999 _c1803789
_d1803789